• 首页
  • 本馆介绍
  • 公告通知
  • 最新文献
  • 馆藏检索
  • 电子资源
  • 读者导购
  • 参考咨询
  • 我的图书馆
  • 登录
  • 详细信息显示
  • 放入我的书架
  • 预约/预借图书
  • 作者相关作品
  • 分类相关作品
  • 丛书相关作品
  • 出版社相关作品

书目信息

  • 表格格式
  • 工作单格式
  • 卡片格式
题名:
中国农村统计年鉴1996=Rural Statistical yearbook ofChina1996
    
 
作者: 国家统计局农村社会经济调查总队 编
分册:  
出版信息: 北京   中国统计出版社  1996.11
页数: 532页
开本: 16开
丛书名:
单 册:
中图分类: F322
科图分类:
主题词: 农业经济--中国
电子资源:
ISBN: 7-5037-2310-6
000 00713nam0 2200205 45
001 0003200905
005 20031219104043.5
010    @a7-5037-2310-6@dCNY110.00
100    @a20000320d1996 km y0chiy0120 ea
101    @achi
105    @a z 000yy
200 1  @a中国农村统计年鉴1996=Rural Statistical yearbook ofChina1996@AZhong Guo Nong Cun Tong Ji Nian Jian 1996=Rural Statistical yearbook of China1996@f国家统计局农村社会经济调查总队编
210    @a北京@c中国统计出版社@d1996.11
215    @a532页@d16开
300    @a书末附:主要指标解释
606 0  @a农业经济@y中国
690    @aF322@v1
701    @a国家统计局农村社会经济调查总队@4编
801    @aCN@bTSTC@c20000321
905    @f2@b286120-121@dF322@e17:(1996)
    
    中国农村统计年鉴1996=Rural Statistical yearbook ofChina1996/国家统计局农村社会经济调查总队编.-北京:中国统计出版社,1996.11
    532页;16开
    书末附:主要指标解释
    
    ISBN 7-5037-2310-6:CNY110.00
    
●
相关链接 在E读中查询图书 在五车中查询图书 在当当中查询图书 在豆瓣中查询图书


正题名:中国农村统计年鉴1996=Rural Statistical yearbook ofChina1996     索取号:F322/17:(1996)         预约/预借

序号 登录号 条形码 馆藏地/架位号 状态 备注
1 0286120   002861200   密集书库/ [索取号:F322/17:(1996)] 在馆    
2 0286121   002861219   第一样本阅览室/ [索取号:F322/17:(1996)] 在馆    
唐山师范学院图书馆 欢迎您!
大连网信软件有限公司© 版权所有